| 000 | 00477nam a2200193Ia 4500 | ||
|---|---|---|---|
| 008 | 170918s9999 xx 000 0 und d | ||
| 020 | _a9780439183062 | ||
| 050 | _bC797 2003 | ||
| 100 | _aCorey, Shana | ||
| 245 | _aPlayers in pigtails / | ||
| 245 | _cShana Corey ; illustrated by Rebecca Gibbon. | ||
| 260 | _aNew York : | ||
| 260 | _bScholastic, | ||
| 260 | _c2003 | ||
| 300 | _aunpaged : | ||
| 300 | _bcolored illustration ; | ||
| 300 | _c26cm. | ||
| 500 | _a350 | ||
| 999 |
_c341295 _d341295 |
||